000 00207 a2200097 4500
001 14807
100 _aRafi-ud-Din
245 _aHikmati-Iqbal
260 _aLahore
_bIli Kitab Khana
_c
090 _c11586
_d11586
942 _aNUST-CAE
_cM
_c1765
999 _c249880
_d249880